History Quiz

Random History or Letter Quiz

Sporcle's Easiest US President (per Letter) Quiz Stats

 Plays Quiz Updated Apr 6, 2018

Challenge
Share
Tweet
Embed
Score 0/18 Timer 01:30
11 Plays Today
Letter President % Correct
AAdams
90.3%
OObama
89.1%
WWashington
88%
BBush
86.6%
LLincoln
84%
RRoosevelt
79.6%
CClinton
78.2%
KKennedy
76.8%
EEisenhower
74.7%
Letter President % Correct
NNixon
72.8%
JJefferson
67.7%
FFord
64.1%
TTrump
63.4%
HHoover
63.3%
MMadison
61.1%
VVan Buren
60.5%
PPolk
55.6%
GGrant
54.5%

You're not logged in!

Compare scores with friends on all Sporcle quizzes.
OR
Log In

You Might Also Like...

Show Comments

Extras

Top Quizzes Today


Score Distribution

Your Account Isn't Verified!

In order to create a playlist on Sporcle, you need to verify the email address you used during registration. Go to your Sporcle Settings to finish the process.

Report this User

Report this user for behavior that violates our Community Guidelines.

Details: